000 00598nam a2200229Ia 4500
003 OSt
005 20230504103729.0
008 210423s2011 xx 000 0 und d
020 _a978070634336
040 _cAL
041 _aeng
082 _a621.3815 NEAD
_223
100 _aNEAMEN (Donald A).
_994960
245 _aElectronic circuits: analysis and design.
250 _a3
260 _aNew Delhi
_bTata McGraw-hill
_c2011
300 _axxi,1351
_bPB
365 _b575
_cINR
650 _aElectronics
_994961
906 _aanalysis ; circuits: ; design. ; Electronic
942 _2ddc
_cBK
999 _c161958
_d161958